000 00826nam a2200229 4500
003 DO-SdBNP
005 20231130110536.0
008 171124b 1982 mx || 00| 0 spa d
020 _a0070333920
040 _aBPMSU
_bspa
_cBPMSU
082 4 _a621.381
_bK21m 1982
_222
100 1 _aKaufman, Milton
245 1 _aManual para ingenieros y técnicos en electrónica:
_bdiagramas, curvas, tablas y gráficos /
_cMilton Kaufman ; Arthur H. Seidman ; traducción Agustin Contin Sanz ; revisión técnica : Francisco Hernández Rangel.
260 _aMéxico, D.F.:
_bMcGraw-Hill,
_c1982
300 _a1v.
650 4 _aElectronica
_vManuales
650 4 _aElectrónica
_vMétodos gráficos
700 1 _aSeidman, Arthur H.
700 _aContin Sanz, Agustín
_etrad.
910 _aVMateo V. Control de calidad.BPMSU
942 _2ddc
_cBK
999 _c13066
_d13066